| 000 | 01569nam a2200421 i 4500 | ||
|---|---|---|---|
| 001 | 86898 | ||
| 003 | FINmELB | ||
| 005 | 20241217171520.0 | ||
| 006 | m o u | ||
| 007 | cr cn||||||||| | ||
| 008 | 220609s2019 sp ob 001 0 spa d | ||
| 017 |
_aM 30212-2019 _bOficina Depósito Legal Madrid |
||
| 020 | _a978-84-9181-746-8 | ||
| 020 |
_a9788491817505 _q(e-book) |
||
| 035 | _a(OCoLC)1332520564 | ||
| 040 |
_aFINmELB _bspa _erda _cFINmELB |
||
| 050 | 4 |
_aHS403 _b.F477 2019 |
|
| 080 | _a061.251(091) | ||
| 082 | 0 | 4 |
_a366.1 _223 |
| 100 | 1 |
_aFerrer Benimeli, José A., _d1934- _eautor. |
|
| 240 | 1 | 3 | _aLa Masonería |
| 245 | 1 | 3 |
_aLa masonería / _cJosé Antonio Ferrer Benimeli. |
| 264 | 1 |
_aMadrid : _bAlianza Editorial, _c[2019] |
|
| 264 | 4 | _c©2019 | |
| 300 | _a1 recurso en línea (386 páginas) | ||
| 336 |
_atexto _btxt _2rdacontent/spa |
||
| 337 |
_acomputadora _bc _2rdamedia/spa |
||
| 338 |
_arecurso en línea _bcr _2rdacarrier/spa |
||
| 490 | 1 |
_aEl libro de bolsillo. Historia ; _vH98 |
|
| 504 | _aBibliografía: páginas 365-379. Índice. | ||
| 588 | _aDescripción basada en metadatos suministrados por el editor y otras fuentes. | ||
| 590 | _aRecurso electrónico. Santa Fe, Arg.: elibro, 2022. Disponible vía World Wide Web. El acceso puede estar limitado para las bibliotecas afiliadas a elibro. | ||
| 650 | 4 |
_aMasonería _xHistoria. |
|
| 655 | 4 | _aLibros electrónicos. | |
| 797 | 2 | _aelibro, Corp. | |
| 830 | 0 |
_aEl libro de bolsillo. Historia ; _vH98. |
|
| 856 | 4 | 0 | _uhttps://elibro.net/ereader/politecnicointernacional/216570 |
| 999 |
_c86898 _d86898 |
||